Gaining Ground: (Record no. 178157)

MARC details
000 -LEADER
fixed length control field 00605nam a22001817a 4500
005 - DATE AND TIME OF LATEST TRANSACTION
control field 20210318173032.0
010 ## - LCCN (DPL NO)
LC control number ENG-129250
020 ## - INTERNATIONAL STANDARD BOOK NUMBER
International Standard Book Number 9789385606281
Terms of availability 650.00
035 ## - SYSTEM CONTROL NUMBER
System control number EN-112782
037 ## - SOURCE OF ACQUISITION
Source of stock number/acquisition DBAD/PUB
082 ## - DEWEY DECIMAL CLASSIFICATION NUMBER
Classification number 305.420954
100 ## - MAIN ENTRY--PERSONAL NAME
Personal name Arya, Sadhna
245 ## - TITLE STATEMENT
Title Gaining Ground:
Statement of responsibility, etc edited by S. Anbalagan
Remainder of title the changing contours of feminist organising in Post-1990s India/
260 ## - PUBLICATION, DISTRIBUTION, ETC. (IMPRINT)
Name of publisher, distributor, etc Women Unlimited
Place of publication, distribution, etc New Delhi
Date of publication, distribution, etc 2020
270 ## - ADDRESS
Address 7/10, First Floor, Sarvapariya Vihar
City New Delhi
Postal code 110016
300 ## - PHYSICAL DESCRIPTION
Extent viii+265p.
Dimensions 22cm(pbk)
942 ## - ADDED ENTRY ELEMENTS (KOHA)
Source of classification or shelving scheme Dewey Decimal Classification
Item type English Books
Classification part 305.420954
Call number suffix ARY
Holdings
Withdrawn status Lost status Not for loan Collection code Home library Current library Date acquired Source of acquisition Cost, normal purchase price Full call number Barcode Copy number Cost, replacement price Koha item type
      Non-fiction Ashok Vihar Ashok Vihar 18/03/2021 DBAD/PUB 650.00 305.420954 ARY EN-112782 1 650.00 English Books

© Delhi Public Library
Hit Counter
free hit counter